000 01189nam a22002657a 4500
005 20101207103531.0
008 101207t xxu||||| |||| 00| 0 eng d
010 _aENG-101771
020 _a9780198070030
_c3950.00
020 _a0198070039
_c3950.00
035 _aEN-85304
037 _bDBAD / PUB
040 _adpl
_bEnglish
082 _a954.0841
245 _aTowards freedom :
_bdocuments on the movement for independence in India - 1940/
_cedited by K.N. Panikkar; with a preface by the general editor Sabyasachi Bhattacharya
260 _aNew Delhi
_bOxford University Press
_c2010
260 _aNew Delhi
_bIndian Council of Historical Research (ICHR)
_c2010
270 _aYMCA Library Building, Jai Singh Road
_bNew Delhi
_e110 001
300 _apt.2 (lxxii.709-1457p.)
_c28cm (Hb)
490 _aICHR: towards freedom/ edited by Sabyasachi Bhattacharya
_924621
500 _aIncludes index
700 _aPanikkar, K.N.
_924622
942 _adpl
_cEN
_2ddc
_h954.0841
_mTOW
999 _c48993
_d48993